[Event "English Womens Open Championship"]
[Site "Kenilworth"]
[Date "2023.05.26"]
[Round "1.5"]
[White "Milewska, Agnieszka"]
[Black "Longson, Sarah N"]
[Result "0-1"]
[WhiteElo "1643"]
[BlackElo "2031"]
[PlyCount "70"]
[EventDate "2023.05.26"]
[EventType "swiss"]
[EventRounds "7"]
[EventCountry "ENG"]
[SourceTitle "BritBase"]
[Source "John Saunders"]
[SourceDate "2023.05.30"]
[SourceVersion "1"]
[SourceVersionDate "2023.05.30"]
[SourceQuality "1"]

1. d4 d5 2. Bf4 c5 3. c3 Nc6 4. e3 Bf5 5. Bd3 Bxd3 6. Qxd3 Nf6 7. Nf3 e6 8. O-O
Bd6 9. Bxd6 Qxd6 10. Qb5 Ne4 11. Ne5 O-O 12. f3 cxd4 13. fxe4 Qxe5 14. exd4
Qxe4 15. Qxb7 Na5 16. Qa6 Nc4 17. b3 Ne3 18. Rf2 Ng4 19. Re2 Qf4 20. g3 Qc1+
21. Kg2 Ne3+ 22. Kf3 Nc2 23. Rxc2 Qxc2 24. Qe2 Qf5+ 25. Kg2 Rac8 26. Qd2 Qe4+
27. Kg1 e5 28. dxe5 Qxe5 29. a4 Rfe8 30. b4 Rc4 31. b5 d4 32. Qd3 Qe1+ 33. Kg2
Re2+ 34. Kh3 Qf1+ 35. Kg4 h5+ 0-1

[Event "English Womens Open Championship"]
[Site "Kenilworth"]
[Date "2023.05.26"]
[Round "1.6"]
[White "Weersing, Abigail R"]
[Black "Walker, Kate"]
[Result "1-0"]
[WhiteElo "1932"]
[BlackElo "1541"]
[PlyCount "55"]
[EventDate "2023.05.26"]
[EventType "swiss"]
[EventRounds "7"]
[EventCountry "ENG"]
[SourceTitle "BritBase"]
[Source "John Saunders"]
[SourceDate "2023.05.30"]
[SourceVersion "1"]
[SourceVersionDate "2023.05.30"]
[SourceQuality "1"]

1. d4 d5 2. c4 e6 3. Nc3 Nf6 4. Bg5 Be7 5. Nf3 Nbd7 6. e3 O-O 7. Bd3 dxc4 8.
Bxc4 c6 9. O-O b5 10. Bd3 Bb7 11. Rc1 a6 12. a4 b4 13. Bxf6 Nxf6 14. Ne4 Nxe4
15. Bxe4 Rc8 16. Ne5 Bd6 17. f4 Bxe5 18. fxe5 Qb6 19. Rc5 b3 20. Qe1 Rc7 21. a5
Qa7 22. Qh4 g6 23. Qh6 f5 24. exf6 Qb8 25. Bxg6 Rff7 26. Bxf7+ Rxf7 27. Rg5+
Kh8 28. Rg7 1-0

[Event "English Womens Open Championship"]
[Site "Kenilworth"]
[Date "2023.05.26"]
[Round "1.7"]
[White "Catabay, Mae"]
[Black "Varney, Zoe"]
[Result "0-1"]
[WhiteElo "1542"]
[BlackElo "1974"]
[PlyCount "106"]
[EventDate "2023.05.26"]
[EventType "swiss"]
[EventRounds "7"]
[EventCountry "ENG"]
[SourceTitle "BritBase"]
[Source "John Saunders"]
[SourceDate "2023.05.30"]
[SourceVersion "1"]
[SourceVersionDate "2023.05.30"]
[SourceQuality "1"]

1. d4 d5 2. Nf3 Nf6 3. c4 e6 4. e3 c6 5. Nc3 Nbd7 6. Bd3 dxc4 7. Bxc4 b5 8. Bd3
a6 9. O-O Bb7 10. Re1 c5 11. Bc2 Qc7 12. Qe2 Bd6 13. dxc5 Bxc5 14. h3 Rc8 15.
Bd3 Ba7 16. Bd2 Nc5 17. Bc2 O-O 18. Rac1 Rfd8 19. e4 e5 20. Bg5 Qe7 21. Rcd1 h6
22. Bh4 g5 23. Bg3 Bb8 24. Bb1 Qe6 25. Qe3 Ncd7 26. Rd2 g4 27. Nh4 gxh3 28.
Qxh6 Qg4 29. Nf5 Re8 30. f3 Qg6 31. Qxg6+ fxg6 32. Nd6 Bxd6 33. Rxd6 hxg2 34.
Kxg2 Kf7 35. a3 Rc6 36. Red1 Ke7 37. Rxc6 Bxc6 38. Nd5+ Bxd5 39. exd5 g5 40.
Bf5 Kd6 41. Be4 Nc5 42. Re1 g4 43. b4 Ncxe4 44. fxe4 Rc8 45. Bh4 Nh5 46. Bg5
Rc2+ 47. Kg1 Rc3 48. Be3 Rxa3 49. Bc5+ Kd7 50. Rc1 Ng3 51. Rf1 Nxf1 52. Kxf1 a5
53. bxa5 Rxa5 0-1

[Event "English Womens Open Championship"]
[Site "Kenilworth"]
[Date "2023.05.26"]
[Round "1.8"]
[White "Dicen, Elis Denele"]
[Black "Jayawarna, Thisumi"]
[Result "1/2-1/2"]
[WhiteElo "1925"]
[BlackElo "1500"]
[PlyCount "102"]
[EventDate "2023.05.26"]
[EventType "swiss"]
[EventRounds "7"]
[EventCountry "ENG"]
[SourceTitle "BritBase"]
[Source "John Saunders"]
[SourceDate "2023.05.30"]
[SourceVersion "1"]
[SourceVersionDate "2023.05.30"]
[SourceQuality "1"]

1. d4 Nf6 2. c4 c5 3. d5 e6 4. Nc3 exd5 5. cxd5 d6 6. e4 g6 7. Nf3 Bg7 8. Bb5+
Nfd7 9. a4 O-O 10. O-O a6 11. Bd3 b6 12. Re1 Bb7 13. Bf4 Qc7 14. Qd2 Ne5 15.
Nxe5 dxe5 16. Bg3 Nd7 17. Rac1 Rac8 18. Nd1 Qd6 19. Ne3 Bh6 20. Qe2 Ra8 21. Nc4
Qe7 22. Rcd1 b5 23. Na5 c4 24. d6 Qd8 25. Nxc4 bxc4 26. Bxc4 Bg7 27. b3 Nc5 28.
f3 Qd7 29. Qb2 Rfe8 30. Rd2 Rac8 31. Qa2 Ne6 32. Bxe6 Rxe6 33. Red1 Rc6 34. Qa3
Bf8 35. Qb4 Rcxd6 36. Qc3 Rxd2 37. Rxd2 Rd6 38. Rxd6 Bxd6 39. Bxe5 Bxe5 40.
Qxe5 Qd1+ 41. Kf2 Qd2+ 42. Kf1 Qd8 43. Qc3 a5 44. Kf2 Qb6+ 45. Kg3 Qd6+ 46. e5
Qd8 47. h3 h5 48. Kh2 Bd5 49. Qd4 Qa8 50. b4 axb4 51. Qxb4 Qe8 1/2-1/2

[Event "English Womens Open Championship"]
[Site "Kenilworth"]
[Date "2023.05.26"]
[Round "1.9"]
[White "Sengenberger, Sara"]
[Black "Rida, Ruqayyah"]
[Result "0-1"]
[WhiteElo "1415"]
[BlackElo "1842"]
[PlyCount "90"]
[EventDate "2023.05.26"]
[EventType "swiss"]
[EventRounds "7"]
[EventCountry "ENG"]
[SourceTitle "BritBase"]
[Source "John Saunders"]
[SourceDate "2023.05.30"]
[SourceVersion "1"]
[SourceVersionDate "2023.05.30"]
[SourceQuality "1"]

1. e4 e5 2. Nf3 Nc6 3. d4 exd4 4. Nxd4 Nf6 5. Nxc6 bxc6 6. e5 Qe7 7. Qe2 Nd5 8.
c4 Ba6 9. h4 g6 10. Bg5 Qb4+ 11. Qd2 Bxc4 12. a3 Qxd2+ 13. Nxd2 Bxf1 14. Nxf1
Bg7 15. Ne3 Bxe5 16. Nc4 Bf4 17. g3 Bxg5 18. hxg5 O-O-O 19. O-O-O Rde8 20. Kd2
f6 21. gxf6 Nxf6 22. f3 Rhf8 23. Rde1 Rxe1 24. Rxe1 Nh5 25. g4 Nf4 26. a4 Ne6
27. Ke3 Nc5 28. a5 Re8+ 29. Kd2 Nb3+ 30. Kd1 Rxe1+ 31. Kxe1 Nd4 32. Kf2 Kd8 33.
Ke3 Nb3 34. Kf4 Ke7 35. Kg5 d5 36. Ne5 Kd6 37. f4 Nd4 38. Kh6 Ne2 39. Kxh7 Nxf4
40. Nxg6 Nxg6 41. Kxg6 d4 42. Kf7 d3 43. g5 d2 44. g6 d1=Q 45. g7 Qh5+ 0-1

[Event "English Womens Open Championship"]
[Site "Kenilworth"]
[Date "2023.05.26"]
[Round "1.10"]
[White "Subramanian, Anusha"]
[Black "Gorrepati, Soumya"]
[Result "1-0"]
[WhiteElo "1858"]
[BlackElo "1612"]
[PlyCount "95"]
[EventDate "2023.05.26"]
[EventType "swiss"]
[EventRounds "7"]
[EventCountry "ENG"]
[SourceTitle "BritBase"]
[Source "John Saunders"]
[SourceDate "2023.05.30"]
[SourceVersion "1"]
[SourceVersionDate "2023.05.30"]
[SourceQuality "1"]

1. d4 d5 2. c4 c6 3. Nf3 Nf6 4. Nc3 e6 5. e3 Bd6 6. Qc2 Nbd7 7. Bd3 e5 8. cxd5
cxd5 9. Nb5 Bb4+ 10. Bd2 Bxd2+ 11. Nxd2 O-O 12. dxe5 Nxe5 13. O-O Nxd3 14. Qxd3
b6 15. Nd4 a5 16. Rfd1 Ba6 17. Qf5 Rc8 18. N2f3 Qd7 19. Rac1 Rxc1 20. Rxc1 Rc8
21. Rxc8+ Qxc8 22. Qxc8+ Bxc8 23. Kf1 Ba6+ 24. Ke1 Ne4 25. Nc6 Kf8 26. Nfe5 Ke8
27. f3 Nc5 28. b4 axb4 29. Nxb4 f6 30. Nxa6 Nxa6 31. Nd3 Nc5 32. Nb4 Kd7 33.
Nxd5 Kc6 34. Nc3 Nd3+ 35. Kd2 Ne5 36. f4 Nc4+ 37. Kd3 b5 38. Kd4 Nd6 39. e4 b4
40. Nd5 Kb5 41. e5 fxe5+ 42. fxe5 Ne8 43. e6 h6 44. Ke5 Ka4 45. e7 b3 46. axb3+
Kxb3 47. Ke6 Kc4 48. Kd7 1-0

[Event "English Womens Open Championship"]
[Site "Kenilworth"]
[Date "2023.05.26"]
[Round "2.2"]
[White "Longson, Sarah N"]
[Black "Hryshchenko, Kamila"]
[Result "1-0"]
[WhiteElo "2031"]
[BlackElo "2169"]
[PlyCount "57"]
[EventDate "2023.05.26"]
[EventType "swiss"]
[EventRounds "7"]
[EventCountry "ENG"]
[SourceTitle "BritBase"]
[Source "John Saunders"]
[SourceDate "2023.05.30"]
[SourceVersion "1"]
[SourceVersionDate "2023.05.30"]
[SourceQuality "1"]

1. e4 d6 2. d4 g6 3. Nc3 Bg7 4. Be3 a6 5. h4 h6 6. Qd2 Nd7 7. O-O-O c6 8. e5 d5
9. h5 g5 10. f4 g4 11. Bd3 b5 12. f5 c5 13. Nxd5 cxd4 14. Bxd4 Nxe5 15. Bb6 Qd6
16. Nc7+ Kf8 17. Nxa8 Bb7 18. Bc7 Qf6 19. Be4 Nd7 20. c3 Bxe4 21. Qxd7 Qg5+ 22.
Qd2 Bf6 23. Bf4 Qxf5 24. Nb6 Bc6 25. Ne2 Kg7 26. Nd4 Qc5 27. Nxc6 Qxb6 28. Ne5
Qe6 29. Qd5 1-0

[Event "English Womens Open Championship"]
[Site "Kenilworth"]
[Date "2023.05.26"]
[Round "2.3"]
[White "Pert, Nina P"]
[Black "Subramanian, Anusha"]
[Result "1-0"]
[WhiteElo "1999"]
[BlackElo "1858"]
[PlyCount "133"]
[EventDate "2023.05.26"]
[EventType "swiss"]
[EventRounds "7"]
[EventCountry "ENG"]
[SourceTitle "BritBase"]
[Source "John Saunders"]
[SourceDate "2023.05.30"]
[SourceVersion "1"]
[SourceVersionDate "2023.05.30"]
[SourceQuality "1"]

1. e4 e6 2. d4 d5 3. Nd2 dxe4 4. Nxe4 Nd7 5. c3 Ngf6 6. Nxf6+ Nxf6 7. Bd3 c5 8.
Nf3 cxd4 9. Nxd4 Bc5 10. Nb3 Be7 11. O-O O-O 12. Qc2 Qc7 13. h3 b6 14. Nd4 Bb7
15. Bg5 h6 16. Bh4 Rfd8 17. Rad1 a6 18. Qe2 Nd5 19. Bxe7 Qxe7 20. Qg4 Nf6 21.
Qh4 Rd5 22. Be2 Rg5 23. Nf3 Rh5 24. Qd4 Nd5 25. Rfe1 e5 26. Qg4 Nf6 27. Qa4 e4
28. Nd4 Rg5 29. Bf1 Nd5 30. Nf3 Rg6 31. Rxe4 Qf6 32. Rg4 h5 33. Rxg6 Qxg6 34.
Bd3 Qf6 35. Be4 Bc6 36. Qd4 Qxd4 37. Nxd4 Bb7 38. Nf5 Nxc3 39. Bxb7 Nxd1 40.
Bxa8 Nxb2 41. Nd6 Kf8 42. Bd5 f6 43. Nc4 Na4 44. Ne3 Nc3 45. Bb3 a5 46. Nd5
Ne2+ 47. Kf1 Nc1 48. Nxb6 Ke7 49. Bc4 Kd6 50. Ke1 Kc5 51. Kd2 Nxa2 52. Bxa2
Kxb6 53. Ke3 Kc5 54. Kf4 Kd4 55. Bf7 h4 56. Kg4 Ke4 57. Kxh4 Kf4 58. Kh5 g5 59.
Kg6 Ke5 60. g3 a4 61. h4 gxh4 62. gxh4 a3 63. h5 f5 64. h6 a2 65. Bxa2 f4 66.
h7 f3 67. h8=Q+ 1-0

[Event "English Womens Open Championship"]
[Site "Kenilworth"]
[Date "2023.05.26"]
[Round "2.4"]
[White "Varney, Zoe"]
[Black "Kueh, Audrey"]
[Result "1-0"]
[WhiteElo "1974"]
[BlackElo "2129"]
[PlyCount "87"]
[EventDate "2023.05.26"]
[EventType "swiss"]
[EventRounds "7"]
[EventCountry "ENG"]
[SourceTitle "BritBase"]
[Source "John Saunders"]
[SourceDate "2023.05.30"]
[SourceVersion "1"]
[SourceVersionDate "2023.05.30"]
[SourceQuality "1"]

1. d4 d5 2. c4 c6 3. Nf3 Nf6 4. g3 Bf5 5. Nc3 e6 6. Qb3 Qc7 7. Nh4 Be4 8. f3
dxc4 9. Qxc4 Bd5 10. Nxd5 exd5 11. Qc2 g6 12. Bg2 Qb6 13. Be3 Bb4+ 14. Kf2 O-O
15. Rhd1 Re8 16. Bg5 Be7 17. Kg1 c5 18. dxc5 Bxc5+ 19. Kh1 Nbd7 20. Bh3 d4 21.
Rac1 Bf8 22. Qd2 Qb5 23. Bxf6 Nxf6 24. Qxd4 Bg7 25. Bf1 Ne4 26. Qg1 Ng5 27. Rc5
Qa4 28. b3 Qxa2 29. Rxg5 Qxb3 30. Rgd5 a5 31. R5d3 Qb4 32. e4 a4 33. Qf2 Bb2
34. Qc2 a3 35. Rb3 Qa4 36. Bb5 Qxb3 37. Qxb3 Red8 38. Rxd8+ Rxd8 39. Bc4 Rd7
40. Bd5 Rc7 41. Bc4 Rd7 42. f4 Rd2 43. Bxf7+ Kf8 44. Qb4+ 1-0

[Event "English Womens Open Championship"]
[Site "Kenilworth"]
[Date "2023.05.26"]
[Round "2.5"]
[White "Rida, Ruqayyah"]
[Black "Dicen, Elis Denele"]
[Result "1-0"]
[WhiteElo "1842"]
[BlackElo "1925"]
[PlyCount "143"]
[EventDate "2023.05.26"]
[EventType "swiss"]
[EventRounds "7"]
[EventCountry "ENG"]
[SourceTitle "BritBase"]
[Source "John Saunders"]
[SourceDate "2023.05.30"]
[SourceVersion "1"]
[SourceVersionDate "2023.05.30"]
[SourceQuality "1"]

1. e4 c6 2. d4 d5 3. Nd2 dxe4 4. Nxe4 Bf5 5. Ng3 Bg6 6. h4 h6 7. Nf3 Nd7 8. h5
Bh7 9. Bd3 Bxd3 10. Qxd3 e6 11. Bd2 Ngf6 12. O-O-O Be7 13. Ne4 Nxe4 14. Qxe4
Nf6 15. Qe2 Qd5 16. c4 Qe4 17. Be3 O-O 18. Ne5 Rfd8 19. f3 Qh7 20. g4 Nd7 21.
Nd3 Rac8 22. Rhg1 b5 23. c5 Nf8 24. Nf2 Kh8 25. f4 Rd5 26. g5 Nd7 27. Qg4 Rd8
28. Rg2 hxg5 29. fxg5 Qf5 30. Qxf5 Rxf5 31. Ne4 Rf3 32. Bd2 e5 33. Bc3 Re3 34.
Nd6 Bxd6 35. cxd6 Kg8 36. h6 g6 37. Rf1 Rf8 38. Kd2 exd4 39. h7+ Kxh7 40. Rh1+
Kg8 41. Bxd4 Re5 42. Rgh2 f6 43. Bxe5 Nxe5 44. Rh8+ Kf7 45. Rxf8+ Kxf8 46. Kc3
Kf7 47. gxf6 Kxf6 48. Re1 Nd7 49. Re7 Nb6 50. Kd4 g5 51. Kc5 Nd5 52. Re1 g4 53.
Kxc6 Nb6 54. d7 Nxd7 55. Kxd7 g3 56. Rg1 Ke5 57. Rxg3 Kd5 58. Kc7 Kc4 59. Kb7
a5 60. Kb6 a4 61. b3+ Kb4 62. Rg4+ Ka3 63. Kxb5 Kb2 64. Rxa4 Ka1 65. Rc4 Kb1
66. Kb4 Kb2 67. a4 Ka2 68. Rc2+ Kb1 69. Kc3 Ka1 70. b4 Kb1 71. Kb3 Ka1 72. Rc1#
1-0

[Event "English Womens Open Championship"]
[Site "Kenilworth"]
[Date "2023.05.26"]
[Round "2.6"]
[White "Jayawarna, Thisumi"]
[Black "Maton, Emily"]
[Result "0-1"]
[WhiteElo "1500"]
[BlackElo "1766"]
[PlyCount "114"]
[EventDate "2023.05.26"]
[EventType "swiss"]
[EventRounds "7"]
[EventCountry "ENG"]
[SourceTitle "BritBase"]
[Source "John Saunders"]
[SourceDate "2023.05.30"]
[SourceVersion "1"]
[SourceVersionDate "2023.05.30"]
[SourceQuality "1"]

1. e4 e6 2. d4 d5 3. Nd2 c5 4. exd5 exd5 5. Ngf3 Nf6 6. Bb5+ Bd7 7. Bxd7+ Nbxd7
8. O-O Be7 9. Re1 O-O 10. Nf1 Re8 11. Ng3 cxd4 12. Nxd4 Bc5 13. Nb3 Bb6 14. Bd2
Rxe1+ 15. Bxe1 Nc5 16. h3 Nce4 17. Nf5 a5 18. a4 Nd6 19. Nfd4 Nc4 20. Qc1 Ne4
21. c3 Qf6 22. Qc2 Rc8 23. Rd1 Ne5 24. Qe2 Ng6 25. Qg4 Rc7 26. Qf5 Ne5 27. Nc1
Bxd4 28. Qxf6 Nxf6 29. Rxd4 Rc4 30. Rxc4 dxc4 31. f3 Kf8 32. Bf2 Nd5 33. Bd4
Nc6 34. Bf2 Ke7 35. Kf1 Ke6 36. Ne2 Ne5 37. Nd4+ Kd7 38. Be1 Nd3 39. b3 cxb3
40. Nxb3 Nxe1 41. Kxe1 Nxc3 42. Nxa5 b6 43. Nc4 Nxa4 44. Kd2 f6 45. Ke3 b5 46.
Nd2 Kc6 47. Nb3 Kd5 48. Nd4 b4 49. Nb3 Kc4 50. Nd4 Nc5 51. Nc2 b3 52. Na3+ Kc3
53. Nb1+ Kb4 54. Kd4 Ne6+ 55. Ke3 b2 56. Nd2 Kc3 57. h4 Kc2 0-1

[Event "English Womens Open Championship"]
[Site "Kenilworth"]
[Date "2023.05.26"]
[Round "2.7"]
[White "Walker, Kate"]
[Black "Sivanandan, Bodhana"]
[Result "0-1"]
[WhiteElo "1541"]
[BlackElo "1792"]
[PlyCount "64"]
[EventDate "2023.05.26"]
[EventType "swiss"]
[EventRounds "7"]
[EventCountry "ENG"]
[SourceTitle "BritBase"]
[Source "John Saunders"]
[SourceDate "2023.05.30"]
[SourceVersion "1"]
[SourceVersionDate "2023.05.30"]
[SourceQuality "1"]

1. d4 d5 2. c4 c6 3. cxd5 cxd5 4. Nc3 Nf6 5. Bf4 Nc6 6. e3 a6 7. Bd3 e6 8. Nf3
Bd6 9. Bg3 Bxg3 10. hxg3 Bd7 11. a3 Rc8 12. Rc1 Ne7 13. Ne5 Qb6 14. Qd2 Qa5 15.
O-O O-O 16. Qe2 Rc7 17. g4 Ne8 18. g5 g6 19. Ng4 f5 20. Ne5 Nd6 21. f4 Rfc8 22.
Rf3 Ne4 23. Rh3 Nxc3 24. bxc3 Qxa3 25. Rb1 Qxc3 26. Qf2 Be8 27. Rh6 Nc6 28. Be2
Nxe5 29. fxe5 a5 30. Qh4 Qxe3+ 31. Kh2 Qxe2 32. Rb6 Bc6 0-1

[Event "English Womens Open Championship"]
[Site "Kenilworth"]
[Date "2023.05.26"]
[Round "2.8"]
[White "Sheikh, Anum"]
[Black "Milewska, Agnieszka"]
[Result "1-0"]
[WhiteElo "1751"]
[BlackElo "1643"]
[PlyCount "129"]
[EventDate "2023.05.26"]
[EventType "swiss"]
[EventRounds "7"]
[EventCountry "ENG"]
[SourceTitle "BritBase"]
[Source "John Saunders"]
[SourceDate "2023.05.30"]
[SourceVersion "1"]
[SourceVersionDate "2023.05.30"]
[SourceQuality "1"]

1. e4 c6 2. d4 d5 3. exd5 cxd5 4. Bd3 Nc6 5. c3 Nf6 6. Bf4 Bg4 7. Qb3 Qc8 8.
Nd2 e6 9. Ngf3 Be7 10. O-O O-O 11. Ne5 Bh5 12. Qc2 Bg6 13. Nxg6 hxg6 14. h3 Qd7
15. Rae1 Nh5 16. Bh2 Rac8 17. Qb1 Bd6 18. Bxd6 Qxd6 19. Nf3 Nf4 20. Bc2 Rfe8
21. Ne5 Nxe5 22. dxe5 Qc6 23. Kh2 g5 24. g3 Nh5 25. Bd1 g6 26. Bxh5 gxh5 27.
Qc1 g4 28. Qg5+ Kf8 29. hxg4 hxg4 30. Rh1 Re7 31. Kg1 Ke8 32. Rh8+ Kd7 33. Rxc8
Qxc8 34. Qxg4 Qc4 35. Qxc4 dxc4 36. Re4 b5 37. Kg2 Kc6 38. Rd4 Kc5 39. a3 a5
40. Rd8 Rb7 41. Kf3 b4 42. axb4+ axb4 43. Ke4 b3 44. Kf4 Ra7 45. Rd1 Ra2 46.
Rd2 Ra1 47. Kf3 Rc1 48. Ke2 Ra1 49. f4 Rg1 50. Kf2 Rc1 51. g4 Rc2 52. Ke3 Rc1
53. Ke2 Rg1 54. Kf3 Rf1+ 55. Rf2 Rd1 56. f5 exf5 57. gxf5 Rc1 58. Re2 Kd5 59.
e6 fxe6 60. fxe6 Rf1+ 61. Kg2 Rf8 62. e7 Re8 63. Kf3 Kd6 64. Kf4 Kd7 65. Kf5
1-0

[Event "English Womens Open Championship"]
[Site "Kenilworth"]
[Date "2023.05.26"]
[Round "2.9"]
[White "Gorrepati, Soumya"]
[Black "Gamal, Alaa"]
[Result "0-1"]
[WhiteElo "1612"]
[BlackElo "1752"]
[PlyCount "101"]
[EventDate "2023.05.26"]
[EventType "swiss"]
[EventRounds "7"]
[EventCountry "ENG"]
[SourceTitle "BritBase"]
[Source "John Saunders"]
[SourceDate "2023.05.30"]
[SourceVersion "1"]
[SourceVersionDate "2023.05.30"]
[SourceQuality "1"]

1. e4 c5 2. Nf3 g6 3. d4 cxd4 4. Nxd4 Nf6 5. Nc3 d6 6. Be3 Bg7 7. f3 Nc6 8. Qd2
Bd7 9. O-O-O h5 10. Bc4 a6 11. Nd5 Na5 12. Bb3 Nxb3+ 13. Nxb3 Nxd5 14. exd5 a5
15. a3 b5 16. Bd4 Bh6 17. Be3 Bg7 18. Bd4 Bh6 19. f4 O-O 20. Bc3 b4 21. axb4
axb4 22. Bxb4 Qb6 23. Qd4 Qb5 24. Bc3 Kh7 25. Rde1 Ra4 26. Qd3 Qxd3 27. cxd3
Bxf4+ 28. Kc2 e5 29. dxe6 fxe6 30. Rhf1 Kg8 31. g3 Bh6 32. Rxf8+ Bxf8 33. Rf1
e5 34. Nd2 h4 35. Ne4 Bh3 36. Rf2 hxg3 37. hxg3 Kg7 38. Kb3 Ra1 39. Bb4 Ra6 40.
Ba3 Be7 41. Kc4 Bd7 42. Kd5 Ra5+ 43. Bc5 dxc5 44. Kxe5 c4+ 45. Kd4 cxd3 46.
Kxd3 Bf5 47. Re2 Re5 48. Kd4 Rxe4+ 49. Rxe4 Bxe4 50. Kxe4 Kf6 51. Kd4 0-1

[Event "English Womens Open Championship"]
[Site "Kenilworth"]
[Date "2023.05.26"]
[Round "2.10"]
[White "Hariharan, Shambavi"]
[Black "Catabay, Mae"]
[Result "1/2-1/2"]
[WhiteElo "1523"]
[BlackElo "1542"]
[PlyCount "61"]
[EventDate "2023.05.26"]
[EventType "swiss"]
[EventRounds "7"]
[EventCountry "ENG"]
[SourceTitle "BritBase"]
[Source "John Saunders"]
[SourceDate "2023.05.30"]
[SourceVersion "1"]
[SourceVersionDate "2023.05.30"]
[SourceQuality "1"]

1. d4 Nf6 2. c4 g6 3. g3 d5 4. Bg2 Bg7 5. Nc3 c6 6. cxd5 cxd5 7. Qb3 e6 8. Nf3
Nc6 9. O-O O-O 10. Bg5 h6 11. Bxf6 Bxf6 12. e3 Rb8 13. Na4 b6 14. Rac1 Na5 15.
Qc2 Ba6 16. Rfd1 Rc8 17. Nc3 b5 18. Qe2 Qb6 19. Bf1 Nc4 20. b3 Nd6 21. Qd2 Rc6
22. Rc2 Rfc8 23. Rdc1 Bb7 24. Bd3 a6 25. Ne2 Rxc2 26. Rxc2 Rxc2 27. Qxc2 Qc6
28. Nd2 a5 29. a3 a4 30. bxa4 bxa4 31. Qxc6 1/2-1/2

[Event "English Womens Open Championship"]
[Site "Kenilworth"]
[Date "2023.05.27"]
[Round "3.1"]
[White "Weersing, Abigail R"]
[Black "Pert, Nina P"]
[Result "0-1"]
[WhiteElo "1932"]
[BlackElo "1999"]
[PlyCount "102"]
[EventDate "2023.05.26"]
[EventType "swiss"]
[EventRounds "7"]
[EventCountry "ENG"]
[SourceTitle "BritBase"]
[Source "John Saunders"]
[SourceDate "2023.05.30"]
[SourceVersion "1"]
[SourceVersionDate "2023.05.30"]
[SourceQuality "1"]

1. d4 d5 2. c4 e6 3. Nc3 c5 4. cxd5 cxd4 5. Qxd4 Nc6 6. Qd1 exd5 7. Qxd5 Qc7 8.
e3 Nf6 9. Qb3 a6 10. Nf3 Be6 11. Qa4 Bd7 12. a3 Rd8 13. Qc2 Ne5 14. Be2 Bc6 15.
Qf5 Ng6 16. O-O Bd6 17. g3 h5 18. Nd4 Bd7 19. Qc2 h4 20. Ne4 Nxe4 21. Qxe4+ Kf8
22. Bd2 Re8 23. Qc2 Qb6 24. Qb3 Qd8 25. Bb4 Bxb4 26. Qxb4+ Kg8 27. Bf3 Qg5 28.
Rfd1 Ne5 29. Bg2 Qh6 30. Qxb7 Bg4 31. Rdc1 Qf6 32. f4 hxg3 33. hxg3 Nd3 34. Qc6
Qe7 35. e4 Nxc1 36. Rxc1 Rc8 37. Qxc8+ Bxc8 38. Rxc8+ Kh7 39. Rc6 Qa7 40. Rd6
Qc5 41. e5 Qc1+ 42. Bf1 Rb8 43. b4 Qxa3 44. Nc6 Qe3+ 45. Kg2 Rc8 46. Bd3+ g6
47. Ne7 Rc1 48. Bf1 Rc3 49. Nd5 Qxg3+ 50. Kh1 Rc2 51. Nf6+ Kg7 0-1

[Event "English Womens Open Championship"]
[Site "Kenilworth"]
[Date "2023.05.27"]
[Round "3.2"]
[White "Rida, Ruqayyah"]
[Black "Longson, Sarah N"]
[Result "1/2-1/2"]
[WhiteElo "1842"]
[BlackElo "2031"]
[PlyCount "62"]
[EventDate "2023.05.26"]
[EventType "swiss"]
[EventRounds "7"]
[EventCountry "ENG"]
[SourceTitle "BritBase"]
[Source "John Saunders"]
[SourceDate "2023.05.30"]
[SourceVersion "1"]
[SourceVersionDate "2023.05.30"]
[SourceQuality "1"]

1. e4 e5 2. Nf3 Nc6 3. Bc4 Nf6 4. d3 Be7 5. O-O O-O 6. Re1 d6 7. a4 Kh8 8. h3
h6 9. Nc3 Nh7 10. d4 Ng5 11. Nxg5 Bxg5 12. dxe5 Nxe5 13. Bf1 Bxc1 14. Qxc1 f5
15. exf5 Bxf5 16. f4 Ng6 17. Qd2 Qh4 18. Ne2 Rae8 19. Nd4 Bd7 20. Rxe8 Rxe8 21.
f5 Ne5 22. Qf2 Qf6 23. Rd1 a6 24. b3 c5 25. Nf3 Bxf5 26. Nxe5 Qxe5 27. Bd3 Bxd3
28. Rxd3 c4 29. bxc4 Qa1+ 30. Kh2 Qe5+ 31. Kg1 Qa5 1/2-1/2

[Event "English Womens Open Championship"]
[Site "Kenilworth"]
[Date "2023.05.27"]
[Round "3.3"]
[White "Maton, Emily"]
[Black "Varney, Zoe"]
[Result "1-0"]
[WhiteElo "1766"]
[BlackElo "1974"]
[PlyCount "61"]
[EventDate "2023.05.26"]
[EventType "swiss"]
[EventRounds "7"]
[EventCountry "ENG"]
[SourceTitle "BritBase"]
[Source "John Saunders"]
[SourceDate "2023.05.30"]
[SourceVersion "1"]
[SourceVersionDate "2023.05.30"]
[SourceQuality "1"]

1. c4 Nf6 2. Nc3 g6 3. e4 d6 4. d4 Bg7 5. h3 O-O 6. Nf3 e5 7. dxe5 dxe5 8. Bg5
Qxd1+ 9. Rxd1 c6 10. Be2 Na6 11. O-O Nc5 12. Bd3 Nxd3 13. Rxd3 h6 14. Bh4 Nh5
15. Bg3 Nxg3 16. fxg3 Be6 17. b3 Rfd8 18. Rfd1 Rxd3 19. Rxd3 Kf8 20. Kf2 Ke7
21. Na4 b6 22. g4 f5 23. gxf5 gxf5 24. Nc3 fxe4 25. Nxe4 Bf5 26. Re3 Ke6 27.
Ng3 Bb1 28. a3 Rd8 29. Nh5 Bh8 30. g4 Rd3 31. Nf4+ 1-0

[Event "English Womens Open Championship"]
[Site "Kenilworth"]
[Date "2023.05.27"]
[Round "3.4"]
[White "Gamal, Alaa"]
[Black "Toma, Katarzyna"]
[Result "0-1"]
[WhiteElo "1752"]
[BlackElo "2254"]
[PlyCount "60"]
[EventDate "2023.05.26"]
[EventType "swiss"]
[EventRounds "7"]
[EventCountry "ENG"]
[SourceTitle "BritBase"]
[Source "John Saunders"]
[SourceDate "2023.05.30"]
[SourceVersion "1"]
[SourceVersionDate "2023.05.30"]
[SourceQuality "1"]

1. d4 Nf6 2. c4 e6 3. Nf3 c5 4. d5 d6 5. Nc3 exd5 6. cxd5 g6 7. Bg5 h6 8. Bf4
g5 9. Bc1 a6 10. a4 Bf5 11. e3 Bg7 12. Bd3 Bxd3 13. Qxd3 Nbd7 14. h3 Qe7 15.
Qf5 O-O 16. O-O Rfe8 17. Rb1 Ne5 18. Nd2 Qd7 19. Qc2 b5 20. f4 Ng6 21. fxg5
hxg5 22. Nde4 Nh7 23. Ng3 g4 24. hxg4 Qxg4 25. Qf2 Ng5 26. axb5 axb5 27. Nxb5
Be5 28. Qf5 Qxg3 29. Nc7 Nh4 30. Qc2 Nh3+ 0-1

[Event "English Womens Open Championship"]
[Site "Kenilworth"]
[Date "2023.05.27"]
[Round "3.5"]
[White "Hryshchenko, Kamila"]
[Black "Latypova, Olga L"]
[Result "1-0"]
[WhiteElo "2169"]
[BlackElo "1780"]
[PlyCount "71"]
[EventDate "2023.05.26"]
[EventType "swiss"]
[EventRounds "7"]
[EventCountry "ENG"]
[SourceTitle "BritBase"]
[Source "John Saunders"]
[SourceDate "2023.05.30"]
[SourceVersion "1"]
[SourceVersionDate "2023.05.30"]
[SourceQuality "1"]

1. e4 c5 2. Nf3 e6 3. d3 Nc6 4. g3 g6 5. Bg2 Bg7 6. c3 Nge7 7. O-O O-O 8. Re1
d6 9. a3 Rb8 10. Ra2 b5 11. d4 Bb7 12. b3 a6 13. Be3 cxd4 14. cxd4 d5 15. e5
Nf5 16. Bg5 Qb6 17. Rd2 Rfc8 18. g4 Nfe7 19. h4 h6 20. Bf4 b4 21. a4 Rc7 22.
Qe2 Rbc8 23. Qe3 Kh7 24. Bf1 Na5 25. Ra2 Rc6 26. Kg2 Rc2 27. Rxc2 Rxc2 28. h5
Rb2 29. Nbd2 Qc7 30. hxg6+ fxg6 31. Bd3 Qc3 32. Rh1 Ng8 33. Ng5+ Kh8 34. Bxg6
Bf8 35. Bd3 Nxb3 36. Qf3 1-0